Abbey Lyrics (Mitski) - Statistics

General Stats
  • This quiz has been taken 16 times
  • The average score is 98 of 137
Answer Stats
Lyrics % Correct
A
100%
Am
100%
Born
100%
Hungry
100%
I
100%
Was
100%
Waiting
92%
Be
83%
What
83%
Been
75%
Have
75%
Something
75%
Could
67%
Do
67%
For
67%
Need
67%
That
67%
The
67%
There
67%
When
67%
And
58%
But
58%
Can
58%
Dream
58%
Is
58%
It
58%
Light
58%
Me
58%
Night
58%
See
58%
Crying
50%
Every
50%
Free
50%
In
50%
Just
50%
Only
50%
Seems
50%
Set
50%
Sleep
50%
Surrounds
50%
Wake
50%
Appears
42%
Dark
42%
Of
42%
One
42%
Sleeps
42%
Sometimes
42%
Awake
33%
Darkness
33%
Feel
33%
There's
33%
Keeps
25%
No matching quizzes found
Score Distribution
Percent of People with Each Score
Percentile by Number Answered
Your Score History
You have not taken this quiz